000 00473pab a2200169 454500
008 180718b2015 xxu||||| |||| 00| 0 eng d
100 _aSharma, Hemant
245 _aInequalities in land holdings in the state of Himachal Pradesh
260 _c2015
300 _ap.15-21.
362 _aMar
650 _aLand tenure - India - Himachal Pradesh
650 _aLand tenure
700 _aSharma, Dhirendra
773 _aAgricultural Situation in India
909 _a109316
999 _c109311
_d109311